Записка П. С… о мерах борьбы с революционным движением

RUSMARC
00004588nac2a22003133x 450
00104a7866e-5de4-40c8-9d73-3a4dcb136747
00520240819160744.0
100##$a20240716l1880 k y0rusy50 ca
1010#$arus
102##$aRU
105##$ay z |||||
1220#$ad18800408
2001#$aЗаписка П. С… о мерах борьбы с революционным движением
$j08.04.1880
215##$a5 листов
$d32,8 х 24,3
251##$cДело
300##$aЛист: 6 - на чистом листе документа заверитель и отметки о пров-ке
300##$aРукописный текст
325##$aЗамикрофильмировано
330##$aВходит в раздел описи: Материалы, относящиеся к деятельности Лорис-Меликова М. Т. в Верховной Распорядительной Комиссии
461#0$1001cda3d175-ae4a-411a-8dea-9cc20fb178f6
$12001
$aЛорис-Меликов Михаил Тариелович, граф, министр внутренних дел, главный начальник "верховной распорядительной комиссии по охранению государственного порядка и общественного спокойствия", генерал от кавалерии
$1251
$cФонд
$1852
$j569
462#0$1001163e060a-d7cc-404d-90ee-e28c9801971b
$12001
$aОпись дел фонда М. Т. Лорис-Меликова за 1858-1915 гг.
$vД. 49
$1251
$cОпись
$1852
$j1
605##$3DITM\AF\0000002775
$aВласть
$lколлекция
$2acquisition_prlib
6101#$aРеволюционное движение
$aМеры борьбы
686##$a63.3(2)535-332ю1
$cИстория
$2rubbk
686##$a67.400.6ю1
$cПраво
$2rubbk
700#0$aП. С.
801#0$aRU
$bGA_RF
801#1$aRU
$bГлавНИВЦ
$c20240716
$2rusmarc
801#2$aRU
$bПБ им. Б.Н. Ельцина
$c20240819
$gRCR
$2rusmarc
852##$aГА РФ
$j49
937##$d193619314
$hГАРФ
035##$aRuPRLIB51076400
856##$uhttp://readingroom.main.prlib.ru/item.aspx?id_node=n193619314&mode=full
Формат отображения